New optimization techniques in engineering

Gespeichert in:
Bibliographische Detailangaben
1. Verfasser: Onwubolu, Godfrey C.
Weitere Verfasser: Babu, B.V
Format: Buch
Sprache:Englisch
Veröffentlicht: Berlin Springer 2004
Schriftenreihe:Studies in fuzziness and soft computing Volume 141
Schlagworte:
Tags: Tag hinzufügen
Keine Tags, Fügen Sie das erste Tag hinzu!

MARC

LEADER 00000nam$a2200000$$$4500
001 0031642
005 20240314085853.5
020 |a 3-540-20167-X 
022 |a 1434-9922 
041 0 |a eng 
044 |a DE 
245 1 0 |a New optimization techniques in engineering  |c Godfrey C. Onwubolu, B.V. Babu 
264 1 |a Berlin  |b Springer  |c 2004 
300 |a xxii, 712 s. 
490 1 |a Studies in fuzziness and soft computing  |v Volume 141 
830 0 |a Studies in fuzziness and soft computing  |v Volume 141 
610 2 0 |a optimalizácia 
610 2 0 |a metódy optimalizačné 
610 2 0 |a modely matematické 
610 2 0 |a technika 
100 1 |a Onwubolu, Godfrey C. 
700 1 |a Babu, B.V.